Indian banking industry and information technology / (Record no. 66270)

MARC details
000 -LEADER
fixed length control field 00448nam a22001457a 4500
005 - DATE AND TIME OF LATEST TRANSACTION
control field 20180730154827.0
020 ## - INTERNATIONAL STANDARD BOOK NUMBER
International Standard Book Number 8177081012
Terms of availability 560.00
035 ## - SYSTEM CONTROL NUMBER
System control number B-219913, B-219911
037 ## - SOURCE OF ACQUISITION
Stock number DPL
Source of stock number/acquisition ENG
100 ## - MAIN ENTRY--PERSONAL NAME
Personal name Uppal, R.K.
245 ## - TITLE STATEMENT
Title Indian banking industry and information technology /
Statement of responsibility, etc by R.K. Uppal
260 ## - PUBLICATION, DISTRIBUTION, ETC. (IMPRINT)
Place of publication, distribution, etc New Delhi
Name of publisher, distributor, etc New Century Publications
Date of publication, distribution, etc 2006
300 ## - PHYSICAL DESCRIPTION
Extent xiii, 264p.
Dimensions 20 cms.
942 ## - ADDED ENTRY ELEMENTS (KOHA)
Source of classification or shelving scheme Dewey Decimal Classification
Item type English Books
Classification part 332.10954
Call number suffix UPP
Holdings
Withdrawn status Lost status Not for loan Collection code Home library Current library Date acquired Cost, normal purchase price Full call number Barcode Cost, replacement price Koha item type Source of acquisition
      Non-fiction Patel Nagar Patel Nagar 30/07/2018 560.00 332.10954 UPP B-219911 560.00 English Books BPPD/Pub
      Non-fiction Sarojini Nagar Sarojini Nagar 07/05/2012 560.00 332.10954 UPP B-219913 560.00 English Books  

© Delhi Public Library
Hit Counter
free hit counter